Guess the Taylor Swift Song (no hints) 125 - Statistics

General Stats
  • This quiz has been taken 106 times
  • The average score is 223 of 331
Answer Stats
Answer % Correct
I
100%
a
97%
you
97%
You
97%
we
95%
an
93%
And
93%
me
92%
the
92%
where
92%
it
90%
It
90%
my
90%
to
90%
To
90%
(to
90%
be
88%
go
88%
on
88%
On
88%
were
88%
all
87%
(all
87%
I'm
87%
so
85%
when
85%
Is
83%
(is
83%
of
83%
That
83%
that
83%
could
82%
in
82%
In
82%
there
82%
this
82%
This
82%
for
80%
but
78%
But
78%
just
78%
one
78%
was
78%
been
77%
can
77%
(can
77%
I've
77%
not
77%
What
77%
would
77%
had
75%
Can't
73%
(can't
73%
now)
73%
think
72%
down
70%
(If
70%
Oh,
70%
get
65%
couldn't
62%
out
62%
(Out
62%
things
62%
again
58%
again)
58%
thought
58%
wouldn't
58%
will
57%
bad
55%
days
55%
days)
55%
Or
53%
(or
53%
we'll
53%
does
52%
light
52%
moment
52%
went
52%
wrong
52%
feeling
47%
find
47%
real
47%
since
47%
Trying
47%
Evermore
45%
(Evermore)
45%
(evermore)
45%
evermore
45%
lost
45%
remember
45%
used
45%
Gray
43%
July
43%
November
43%
Put
43%
step
43%
sure
43%
death
42%
each
42%
fight
42%
Guess
42%
pain
42%
peculiar
42%
stepping
42%
stone
42%
very
42%
being
40%
breath
40%
catching
40%
Catching
40%
December
40%
footsteps
40%
Motion
40%
open
40%
pause
40%
pause?
40%
pause?)
40%
window
40%
cross?
38%
cross?)
38%
fire
38%
rewind
38%
tape
38%
dreamed
37%
letters
37%
shipwrecked
37%
Addressed
35%
capture
35%
cost
35%
cost)
35%
enough
35%
Hey
35%
replay
35%
swear
35%
through
35%
under
35%
waves,
35%
waves
35%
weather
35%
Writing
35%
Barefoot
33%
certain
33%
cracks
33%
crossed
33%
dog
33%
double
33%
frost
33%
frost)
33%
line
33%
tall
33%
tossed
33%
tossed)
33%
Staring
32%
unmoored
32%
violence
32%
Whether
32%
(whether
32%
Sending
30%
signals
30%
wildest
30%
winter
30%
cabin
28%
creaking
27%
Floors
27%
costs)
22%
No matching quizzes found
Score Distribution
Percent of People with Each Score
Percentile by Number Answered
Your Score History
You have not taken this quiz